C PROGRAMMING LANGUAGE (Record no. 22929)
[ view plain ]
| 000 -LEADER | |
|---|---|
| fixed length control field | 00224nam a2200097Ia 4500 |
| 008 - FIXED-LENGTH DATA ELEMENTS--GENERAL INFORMATION | |
| fixed length control field | 170619s9999 xx 000 0 und d |
| 100 ## - MAIN ENTRY--PERSONAL NAME | |
| Personal name | RICHI- DM |
| 245 #0 - TITLE STATEMENT | |
| Title | C PROGRAMMING LANGUAGE |
| 260 ## - PUBLICATION, DISTRIBUTION, ETC. | |
| Name of publisher, distributor, etc. | PEARSON EDU. DELHI |
| 260 ## - PUBLICATION, DISTRIBUTION, ETC. | |
| Date of publication, distribution, etc. | 2004 |
| 546 ## - LANGUAGE NOTE | |
| Language note | ENGLISH |
| Withdrawn status | Lost status | Source of classification or shelving scheme | Damaged status | Not for loan | Home library | Current library | Date acquired | Source of acquisition | Cost, normal purchase price | Total Checkouts | Barcode | Date last seen | Price effective from | Koha item type |
|---|---|---|---|---|---|---|---|---|---|---|---|---|---|---|
| IIMT Engineering College-MCA | IIMT Engineering College-MCA | 06/23/2017 | 33 | 95.00 | 14-B-326 | 06/23/2017 | 06/23/2017 | Book Bank | ||||||
| IIMT Engineering College-MCA | IIMT Engineering College-MCA | 06/23/2017 | 33 | 95.00 | 14-B-327 | 06/23/2017 | 06/23/2017 | Book Bank | ||||||
| IIMT Engineering College-MCA | IIMT Engineering College-MCA | 06/23/2017 | 33 | 95.00 | 14-B-328 | 06/23/2017 | 06/23/2017 | Book Bank | ||||||
| IIMT Engineering College-MCA | IIMT Engineering College-MCA | 06/23/2017 | 33 | 95.00 | 14-B-329 | 06/23/2017 | 06/23/2017 | Book Bank | ||||||
| IIMT Engineering College-MCA | IIMT Engineering College-MCA | 06/23/2017 | 33 | 95.00 | 14-B-330 | 06/23/2017 | 06/23/2017 | Book Bank |

